Roman Gods Quiz Stats

 Plays Quiz Updated Mar 28, 2014

Support Sporcle.
Go Orange.
Score 0/12 Timer 05:00
11 Plays Today
Domain God or Goddess % Correct
King of GodsJupiter
90.2%
God of War and VengeanceMars
89.9%
Goddess of Love and BeautyVenus
87.7%
God of the SeaNeptune
87.6%
Messenger of the GodsMercury
82%
God of the SunApollo
57.3%
Queen of Gods and MarriageJuno
51.5%
Goddess of the Hunt and MoonDiana
49.5%
God of Fire and ForgeVulcan
43.5%
Goddess of WisdomMinerva
39.6%
Goddess of Fertility and AgricultureCeres
31.7%
Goddess of Hearth and HomeVesta
28.3%

From the Vault

Erase the Americas by Capital

by goc3

If you don't do well, just erase that from your memory.
Remove Ads.
Support Sporcle.
Get the best of Sporcle when you Go Orange. This ad-free experience offers more features, more stats, and more fun while also helping to support Sporcle. Thank you for becoming a member.

Show Comments

Extras

Top Quizzes Today


Score Distribution

Your Account Isn't Verified!

In order to create a playlist on Sporcle, you need to verify the email address you used during registration. Go to your Sporcle Settings to finish the process.

Report this User

Report this user for behavior that violates our Community Guidelines.

Details: